[Event "Druzynowe Mistrzostwa Polski Juniorow - II liga"]
[Site "Sypniewo k. Jastrowia"]
[Date "2023-06-22"]
[Round "9.68"]
[White "Kordowski, Lukasz"]
[Black "Wasilewski, Dawid"]
[Result "1-0"]
[WhiteTitle "II"]
[BlackTitle "II"]
[WhiteElo "1184"]
[BlackElo "1145"]

1. e4 2. c5 3. d4 4. cxd4 5. c3 6. dxc3 7. Nxc3 8. Nc6 9. Nf3 10. d6 11. Bc4 12.
Bg4 13. Bxf7+ 14. Kxf7 15. Ng5+ 16. Ke8 17. Qxg4 18. Nf6 19. Qd1 20. h6 21. Nh3
22. e5 23. O-O 24. Be7 25. Be3 26. a6 27. f4 Rf8 28. Nd5 29. Kf7 30. Nxf6 31.
Bxf6 32. Qb3+ 33. Ke8 34. Qxb7 35. Qc8 36. Qb3 37. Rb8 38. Qd5 39. Rxb2 40. Rac1
41. Rxg2+ 42. Kxg2 43. Qg4+ 44. Kh1 45. Qxh3 46. Qxc6+ 47. Kf7 48. Qd5+ 49. Ke8
50. f5 51. Qxe3 52. Qe6+ 53. Be7 54. Rc8# 1-0

[Event "Druzynowe Mistrzostwa Polski Juniorow - II liga"]
[Site "Sypniewo k. Jastrowia"]
[Date "2023-06-22"]
[Round "9.69"]
[White "Sieminski, Tymoteusz"]
[Black "Karnowka, Kacper"]
[Result "0-1"]
[WhiteTitle "III"]
[BlackTitle "II"]
[WhiteElo "1091"]
[BlackElo "1151"]

1. e4 2. d5 3. exd5 4. Nf6 5. d4 6. Bg4 7. Nf3 8. Nxd5 9. Be3 10. Nxe3 11. fxe3
12. e5 13. c3 14. exd4 15. exd4 16. Nc6 17. Bb5 18. Qe7+ 19. Qe2 20. Qxe2+ 21.
Bxe2 22. O-O-O 23. Nbd2 24. Ne7 25. O-O-O 26. Nf5 27. Rde1 28. Bd6 29. Bc4 30.
Rhf8 31. h3 32. Bxf3 33. Nxf3 34. Bf4+ 35. Kc2 36. Ne3+ 37. Kd3 38. a6 39. Rxe3
40. Bxe3 41. Kxe3 42. b5 43. Bb3 44. Rfe8+ 45. Kd2 46. Re7 47. Re1 48. Rxe1 49.
Kxe1 50. f6 51. Kd2 52. c5 53. Bc2 54. g6 55. Ke3 56. Re8+ 57. Kf2 58. c4 59.
b3 60. cxb3 61. axb3 62. f5 63. Ne5 64. Kc7 65. g3 66. Kd6 67. Nd3 68. Rc8 69.
Nc5 70. Kd5 71. Ke2 72. Re8+ 73. Kd2 74. b4 75. cxb4 76. Kxd4 77. Nxa6 78. Ra8
79. b5 80. Ke5 81. Bd3 82. Kd6 83. Be2 84. Kd7 85. b6 86. Rd8 87. Kc3 88. Kc6
89. b4 90. Kxb6 91. b5 92. Re8 93. Kd2 94. Rd8+ 95. Kc3 96. Re8 97. Kd3 98. Rd8+
99. Ke3 100. Re8+ 101. Kf3 102. h5 103. Nb4 104. g5 105. Nd5+ 106. Kc5 107. Nf6
108. g4+ 109. hxg4 110. fxg4+ 111. Kf2 112. Rf8 113. Ke3 114. Rxf6 115. Ke4 116.
Re6+ 117. Kd3 118. Kxb5 119. Kd2+ 120. Kc5 121. Ke1 122. Kd4 123. Kf2 124. Rf6+
125. Kg2 126. Ke3 127. Bd1 128. Rf2+ 129. Kg1 130. Rf3 131. Kg2 132. Rf2+ 133.
Kg1 134. Rd2 135. Ba4 136. Kf3 137. Be8 138. Kxg3 139. Kf1 140. h4 141. Bh5 142.
h3 143. Bxg4 144. Kxg4 145. Ke1 146. Rg2 147. Kf1 148. Kg3 149. Ke1 150. h2 151.
Kd1 152. h1=Q# 0-1